000
00279nam a22000977a 4500
999
_c
356226
_d
356226
082
_a
519.9SER
245
_a
Introduction to Statistical Theory Part -I
_c
Chaudhry Shr Muhammad
260
_a
Lahore
_b
Ilmi Kitab Khana
942
_2
ddc